• 首页
  • 本馆介绍
  • 公告通知
  • 最新文献
  • 馆藏检索
  • 电子资源
  • 读者导购
  • 参考咨询
  • 我的图书馆
  • 登录
  • 详细信息显示
  • 放入我的书架
  • 预约/预借图书
  • 作者相关作品
  • 分类相关作品
  • 丛书相关作品
  • 出版社相关作品

书目信息

  • 表格格式
  • 工作单格式
  • 卡片格式
题名:
几何体的截面
    
 
作者: 夏明德 编著
分册:  
出版信息: 上海   上海科学技术出版社  1989.7
页数: 231页
开本: 19cm
丛书名:
单 册:
中图分类: O123.2
科图分类:
主题词: 立体几何--断面--中学--课外读物 , 初等数学
电子资源:
ISBN: 7-5323-0995-9
000 00668nam0 2200241 45
001 0189004919
005 20040907173341.4
010    @a7-5323-0995-9@dCNY3.25
020    @aCN@b89004919
100    @a19900816d1989 a y0chiy0120 ea
101 0  @achi
102    @aCN@b310000
105    @ay z 000yy
106    @ar
200 10 @a几何体的截面@Aji he ti de jie mian@f夏明德编著@Fxia ming de bian zhu
210    @a上海@c上海科学技术出版社@d1989.7
215    @a231页@d19cm
606    @a立体几何@x断面@x中学@x课外读物
606 0  @a初等数学
690    @aO123.2@v3
701  0 @a夏明德@Axia ming de@4编著
801  0 @aCN@bNLC@c19900816
905    @dO123.2@e29@f1@b249314
    
    几何体的截面/夏明德编著.-上海:上海科学技术出版社,1989.7
    231页;19cm
    
    
    ISBN 7-5323-0995-9:CNY3.25
    
●
相关链接 在E读中查询图书 在五车中查询图书 在当当中查询图书 在豆瓣中查询图书


正题名:几何体的截面     索取号:O123.2/29         预约/预借

序号 登录号 条形码 馆藏地/架位号 状态 备注
1 0249314   001954638   密集书库/ [索取号:O123.2/29] 在馆    
2 0249315   001246468   第三借阅区/ [索取号:O123.2/29] 在馆    
3 0249316   001246459   密集书库/ [索取号:O123.2/29] 在馆    
4 0249317   001246413   密集书库/ [索取号:O123.2/29] 在馆    
5 0249318   001246422   第三借阅区/ [索取号:O123.2/29] 在馆    
6 0249319   001246440   第二样本阅览室/ [索取号:O123.2/29] 在馆    
唐山师范学院图书馆 欢迎您!
大连网信软件有限公司© 版权所有